LEADER 00859naa a2200217 u 4500 001 000000096584 003 CaOOAMICUS 005 20070226130147.0 008 041028s1994 it u000 u ita u 020 $a8884021553 (v. 2) 035 $a11013097 040 $aIAR$bita 100 1 $aSergi, Giuseppe,$d1946-$0(OLS)http://pul/name/61218 245 13$aLe corti e il mecenatismo /$cGiuseppe Sergi. 260 $aRoma :$bSalerno,$c1994. 300 $av. 2; S. 299-330 ;$c25 cm 773 0 $aLo spazio letterario del medioevo - 1. Il medioevo latino.$gvol.2: La circolazione del testo. 773 0 $tLo spazio letterario del Medioevo. 1, Il Medioevo latino$w()42277 996 $6020$a8884021553 (v. 2)$9(OLS)http://pul/number/52700 996 $6245$aLe corti e il mecenatismo$9(OLS)http://pul/title/123460 996 $6260$aRoma :$bSalerno$9(OLS)http://pul/publisher/61304 LEADER 01489nam a2200313 a 4500 001 000000175447 003 CaOOAMICUS 005 20220928134739.0 008 220928s2022 it u000 u ita r 020 $a978-88-6788-276-2* 032 $aLibriCat 040 $aPUL$bita 082 04$a262.94 100 1 $aFernández San Román, José.$0(OLS)http://pul/name/109574 245 10$aAmmissione al matrimonio e la questione della fede : / $bsintesi di una ricerca storico-canonica alla luce delle fonti fino al Concilio Vaticano II / $cJosé Fernández San Román, L. C. 260 $aRoma :$bIF Press,$c©2022. 300 $a200 p. ;$c24 cm 490 1 $aEssay research series ;$v73 504 $aBibliografia in nota. 650 4$aMatrimonio (diritto canonico)$xStudi.$0(OLS)http://pul/subject/41031 830 0$aEssay research series ;$v73.$0(OLS)http://pul/title/175027 850 $aPUL 852 $aPUL$W1$xSL Diritto Canonico 3$y77$m262. 94 FERJO 1$j199663$qDDC 21$B204381$CPULBib$Z2$F204381 $H135832 $82 941 1 $a9 996 $6020$a978-88-6788-276-2*$9(OLS)http://pul/number/168842 996 $6082$a262.94$9(OLS)http://pul/classification/422 996 $6245$aAmmissione al matrimonio e la questione della fede : / $bsintesi di una ricerca storico-canonica alla luce delle fonti fino al Concilio Vaticano II / $9(OLS)http://pul/title/216896 996 $6260$aRoma :$bIF Press$9(OLS)http://pul/publisher/83036